00770nam a22002297a 4500999001500000001000500015003000900020005001700029008004100046020001500087020001800102040003800120082002100158245004800179260006200227300004500289500002100334650003700355700001800392942001200410952011800422 c6451d64516932BD-DhUAP20201231143305.0201231r20032000ii a|||| |||| 001 0 eng d a8173661537 a9788173661532 aBD-DhUAPbEngcBD-DhUAPdBD-DhUAP 223 a005.276 BEG aBeginning PHP4 /cWankyu Choi ... [et al.]. aNew Delhi : bShroff publishers,cc2000 [Reprinted 2003]. axi, 775 pages :billustrations ;c24 cm. aIncludes index.  aPHP (Computer program language). aChoi, Wankyu. 2ddccBK 00102ddc4070aUAPCLbUAPCLcGeneral Stacksd2020-12-31o005.276 BEGp3010006932r2020-12-31t1w2020-12-31yBK